|
|
|
|
| LEADER |
00784nta a2200193 i 4500 |
| 001 |
dipl131598 |
| 005 |
20221124104536.0 |
| 008 |
221123s2013 hu om 0|| hun d |
| 040 |
|
|
|a SZTE Diploma Repozitórium
|b hun
|
| 041 |
|
|
|a hun
|
| 100 |
2 |
|
|a Szabóné Orbán Erzsébet
|
| 245 |
1 |
0 |
|a Rokkantsági nyugdíj
|h [elektronikus dokumentum] :
|b a bányatársládától a rokkantsági ellátásig /
|c Erzsébet Szabóné Orbán
|
| 246 |
1 |
0 |
|a Disability pension : from the mine safety to the disability benefits
|h [elektronikus dokumentum]
|
| 260 |
|
|
|c 2013
|
| 650 |
|
4 |
|a Jogi és igazgatási tanulmányok
|
| 650 |
|
4 |
|a Social sciences
|
| 650 |
|
4 |
|a Law
|
| 700 |
1 |
|
|a Bangha Ágnes
|e ths
|
| 856 |
4 |
0 |
|u https://diploma.bibl.u-szeged.hu/id/eprint/131598/1/2013_szabone_orban_erzsebet.pdf
|z Dokumentum-elérés
|